Cities to their original name - Statistics

General Stats
  • This quiz has been taken 41 times
  • The average score is 20 of 30
Answer Stats
Hint Answer % Correct
Köln Cologne
100%
Wien Vienna
100%
København Copenhagen
97%
Göteborg Gothenburg
97%
Lisboa Lisbon
97%
Warszawa Warsaw
97%
Firenze Florence
92%
Kisásá Kinshasa
92%
Lungsod ng Maynila Manila
92%
Астана Astana
84%
Санкт-Петербу́рг Saint Petersburg
81%
Θεσσαλονίκη Thessaloniki
81%
Сарајево Sarajevo
76%
서울 Seoul
70%
Baile Átha Cliath Dublin
68%
Београд Belgrade
65%
አዲስ አበባ Addis Ababa
51%
กรุงเทพมหานครฯ Bangkok
51%
東京 Tokyo
51%
ٱلْقَاهِرَة Cairo
49%
上海 Shanghai
49%
יְרוּשָׁלַיִם Jerusalem
46%
Il-Belt Valetta
46%
কলকাতা Kolkata
41%
Երևան Yerevan
41%
Dùn Èideann Edinburgh
38%
Tāmaki Auckland
30%
Èkó Lagos
27%
ⵎⵕⵕⴰⴽⵛ Marrakesh
27%
تهران Tehran
27%
No matching quizzes found
Score Distribution
Percent of People with Each Score
Percentile by Number Answered
Your Score History
You have not taken this quiz